000
00329nam a22001337a 4500
008
171017b xxu||||| |||| 00| 0 eng d
020
_a
08977471000
041
_a
eng
080
_a
338
100
_a
53
101
_a
MEN
245
_a
FROM IDEA TO FUNDED PROJECT GRANT PROPOSALS THAT WORK
_c
BELCHER.J.C
942
_2
udc
_c
BK
999
_c
34511
_d
34511